000 01450cam a22003857a 4500
001 16274000
003 ARRUPE
005 20130920130631.0
008 100609s2010 enkabf b 001 0beng
010 _a 2010930311
015 _aGBB080619
_2bnb
016 7 _a015594262
_2Uk
020 _a9780199592258 (hbk. : alk. paper)
035 _a(OCoLC)ocn607613219
040 _aUKM
_cUKM
_dYDXCP
_dNLGGC
_dCDX
_dVP@
_dHLS
_dLML
_dDEBSZ
_dBWX
_dDLC
042 _alccopycat
043 _aa-cc---
_ae-it---
050 0 0 _aBX3756.R51
_bH75 2010
100 1 _aHsia, R. Po-chia,
_d1953-
_9851
245 1 2 _aA Jesuit in the Forbidden City :
_bMatteo Ricci, 1552-1610 /
_cR. Po-chia Hsia.
260 _aOxford ;
_aNew York :
_bOxford University Press,
_c2010.
300 _axiv, 359 p., [8] p. of plates :
_bill. (some col.), maps (some col.) ;
_c24 cm.
504 _aIncludes bibliographical references (p. [342]-349) and index.
600 1 0 _aRicci, Matteo,
_d1552-1610.
_9852
610 2 0 _aJesuits
_zChina
_vBiography.
_9853
610 2 0 _aJesuits
_xMissions
_zChina
_xHistory
_y17th century.
_9854
650 0 _aMissionaries
_zChina
_vBiography.
_9855
650 0 _aMissionaries
_zItaly
_vBiography.
_9856
650 1 7 _aJezuïeten.
_2gtt
_9857
650 1 7 _aMissie.
_2gtt
_9858
651 7 _aChina.
_2gtt
_9859
906 _a7
_bcbc
_ccopycat
_d3
_encip
_f20
_gy-gencatlg
942 _2lcc
_cMONOGRAPH
999 _c117944
_d117944